000 00555cam a2200169 4500500
005 20260405003935.0
041 _afre
042 _adc
100 1 0 _aPastorini, Chiara
_eauthor
245 0 0 _a“Est-ce que le bonheur est un choix ?”
260 _c2025.
500 _a82
690 _aChiara Pastorini
690 _aPhilosopher avec les enfants
786 0 _nPhilosophie magazine | 191 | 7 | 2025-07-01 | p. 177-178 | 1951-1787
856 4 1 _uhttps://shs.cairn.info/magazine-philosophie-magazine-2025-7-page-177?lang=fr&redirect-ssocas=7080
999 _c2072300
_d2072300